|
|
|
|
| LEADER |
00000nam0a2200000 4500 |
| 001 |
272317 |
| 005 |
20231101234525.0 |
| 035 |
|
|
|a (RuTPU)RU\TPU\book\295523
|
| 090 |
|
|
|a 272317
|
| 100 |
|
|
|a 20141016d1987 k y0rusy50 ca
|
| 101 |
0 |
|
|a rus
|
| 102 |
|
|
|a RU
|
| 105 |
|
|
|a a z 001zy
|
| 200 |
1 |
|
|a Структура и свойства углеродных материалов
|e сборник научных трудов
|f Государственный научно-исследовательский институт конструкционных материалов на основе графита (НИИГрафит) ; гл. ред. В. И. Костиков
|
| 210 |
|
|
|a Москва
|c Металлургия
|d 1987
|
| 215 |
|
|
|a 153 с.
|c ил.
|
| 320 |
|
|
|a Библиография в конце статей
|
| 606 |
1 |
|
|a Углеродистые материалы
|x Физико-механические свойства
|2 stltpush
|3 (RuTPU)RU\TPU\subj\32301
|9 54892
|
| 610 |
1 |
|
|a конструкционные материалы
|
| 610 |
1 |
|
|a сырье
|
| 610 |
1 |
|
|a исследования
|
| 610 |
1 |
|
|a структура
|
| 610 |
1 |
|
|a плотность
|
| 675 |
|
|
|a 661.666
|v 3
|
| 702 |
|
1 |
|a Костиков
|b В. И.
|4 651
|
| 712 |
0 |
2 |
|a Государственный научно-исследовательский институт конструкционных материалов на основе графита (НИИГрафит)
|2 stltpush
|3 (RuTPU)RU\TPU\col\12542
|
| 801 |
|
1 |
|a RU
|b 63413507
|c 20141016
|
| 801 |
|
2 |
|a RU
|b 63413507
|c 20161226
|g RCR
|
| 942 |
|
|
|c BK
|